Cliquez sur la bonne traduction en italien - Le sport - Statistiques

Statistiques générales
  • Ce quiz a été pris 424 fois
    422 depuis la dernière actualisation
  • Le résultat moyen est 17 sur 21
Statistiques - réponses
Hint Réponse % Correct
Arbitre Arbitro
94%
Adversaire Avversario
94%
Patineur Pattinatore
94%
Attaquant Attaccante
93%
Sportif Sportivo
93%
But Gol
92%
Raquette Racchetta
92%
Lutte Lotta
91%
Nageur Nuotatore
90%
Tournoi Torneo
90%
Faute Fallo
85%
Entraîneur Allenatore
84%
Joueur Giocatore
82%
Remplaçant Sostituto
80%
Randonnée Escursione
79%
Equipe Squadra
79%
Ballon Palla
71%
Terrain Campo
69%
Escrime Scherma
56%
Course Gara
49%
Filet Rete
32%
Aucun quiz correspondant
Distribution des résultats
% des personnes avec chaque résultat
Percentile par nombre de réponses
Votre historique - résultats
Vous n’avez pas pris ce quiz depuis la dernière actualisation